{"text_format":"3","workbook":"xls","n_sheets":1,"sheets":["会议桌椅"],"read":"whole","date_system":"1900","formulas":"cached_only"}

{"sheet":"会议桌椅","index":0,"n_rows":9,"n_cols":10,"rows_kept":9,"merged":[[0,0,0,9]],"flags":["formulas_cached_only"]}
["综合楼101室桌椅报价表"]
["序号","品名","规格","参数","单位","数量","控制单价","控制金额","报价单价","报价金额"]
[1,"会议桌","1200长*500宽*760高","1.木板：采用国家E0级标准三聚氰胺板面板厚度25MM，挡板15mm\n2.脚管：前后脚采用25*50MM方型冷轧钢管  （壁厚1.2MM)\n3.书网：采用φ14MM优质圆形冷轧钢管（壁厚1.0MM)\n4.上托：采用3.0MM壁厚优质冷轧钢板经冲压折弯工艺而成\n5.拉杆：采用φ50MM优质圆形冷轧钢管（壁厚1.5MM)\n6.台架：整体表面采用高温静电喷涂处理\n7.羊毛混访，有褶皱的全包围尼子桌套","张",20,460,9200]
[2,"会议桌","1800长*500宽*760高","1.木板：采用国家E0级标准三聚氰胺板面板厚度25MM，挡板15mm\n2.脚管：前后脚采用25*50MM方型冷轧钢管  （壁厚1.2MM)\n3.书网：采用φ14MM优质圆形冷轧钢管（壁厚1.0MM)\n4.上托：采用3.0MM壁厚优质冷轧钢板经冲压折弯工艺而成\n5.拉杆：采用φ50MM优质圆形冷轧钢管（壁厚1.5MM)\n6.台架：整体表面采用高温静电喷涂处理\n7.羊毛混访，有褶皱的全包围尼子桌套尼子桌套","张",15,560,8400]
[3,"主席台","2400长*600宽*800高","▲1、基材：采用三聚氰胺板（刨花板基材），符合GB/T15102-2017、GB/T39600-2021、GB/T35601-2017、GB/T17657-2013、GB18580-2017、JC/T2039-2010、GB/T36022-2018、DB44/T2043-2017；静曲强度≥18.6Mpa，弹性模量≥3650Mpa，内结合强度≥0.79Mpa，表面胶合强度≥1.58Mpa，2h吸水厚度膨胀率≤2.0%，含水率7%，密度≥0.82g/cm³，握螺钉力（板面）≥1550N，握螺钉力（板边）≥950N，表面耐冷热循环：无裂纹、鼓泡、变色、起皱等，表面耐划痕：表面无大于90%的连续划痕，表面耐磨（磨耗值）≤15mg/100r，表面耐磨（表面情况:图案纹）：磨100r后保留50%以上花纹，表面耐香烟灼烧达到5级，表面耐干热达到5级，表面耐污染腐蚀（图案纹）达到5级，表面耐龟裂达到5级，表面耐水蒸气达到5级，甲醛释放量（1m³气候箱法）ENF≤0.014mg/m³(测试时间≥54h)，总挥发性有机化合物（TVOC）未检出，苯、甲苯、二甲苯未检出，氨釉羊毛混访，有褶皱的全包围尼子桌套","张",1,1680,1680]
[4,"主席台","1400长*600宽*800高","▲1、基材：采用三聚氰胺板（刨花板基材），符合GB/T15102-2017、GB/T39600-2021、GB/T35601-2017、GB/T17657-2013、GB18580-2017、JC/T2039-2010、GB/T36022-2018、DB44/T2043-2017；静曲强度≥18.6Mpa，弹性模量≥3650Mpa，内结合强度≥0.79Mpa，表面胶合强度≥1.58Mpa，2h吸水厚度膨胀率≤2.0%，含水率7%，密度≥0.82g/cm³，握螺钉力（板面）≥1550N，握螺钉力（板边）≥950N，表面耐冷热循环：无裂纹、鼓泡、变色、起皱等，表面耐划痕：表面无大于90%的连续划痕，表面耐磨（磨耗值）≤15mg/100r，表面耐磨（表面情况:图案纹）：磨100r后保留50%以上花纹，表面耐香烟灼烧达到5级，表面耐干热达到5级，表面耐污染腐蚀（图案纹）达到5级，表面耐龟裂达到5级，表面耐水蒸气达到5级，甲醛释放量（1m³气候箱法）ENF≤0.014mg/m³(测试时间≥54h)，总挥发性有机化合物（TVOC）未检出，苯、甲苯、二甲苯未检出，氨釉羊毛混访，有褶皱的全包围尼子桌套","张",2,1350,2700]
[5,"弧形桌","900长*500宽*760高","1.木板：采用国家E0级标准三聚氰胺板面板厚度25MM，挡板15mm\n2.脚管：前后脚采用25*50MM方型冷轧钢管  （壁厚1.2MM)\n3.书网：采用φ14MM优质圆形冷轧钢管（壁厚1.0MM)\n4.上托：采用3.0MM壁厚优质冷轧钢板经冲压折弯工艺而成\n5.拉杆：采用φ50MM优质圆形冷轧钢管（壁厚1.5MM)\n6.台架：整体表面采用高温静电喷涂处理羊毛混访，有褶皱的全包围尼子桌套","张",4,520,2080]
[6,"会议椅子",null,"带软包，材质椅座连体全新工程聚PP材质6CM厚高密度海棉。高档优质面料，椅架喷涂，实心纲筋12㎜,羊毛混访，有褶皱的全包围尼子椅套","把",95,106,10070]
[7,"合计",{"$nulls":5},34130]